Responses for Show #7879 - Thursday, December 6, 2018

Contestants

[<< previous game]

Pat Berwick, a retired technical editor from Houston, Texas

Samir Patel, an anesthesiologist from Chicago, Illinois

Dave Leffler, a retired police officer from Pittsburgh, Pennsylvania (whose 3-day cash winnings total $81,202)

[next game >>]

Jeopardy! Round responses

I NEED YOU TO KEEP ME WARM
WORD & PHRASE HISTORIES
MAN OF THE CENTURY
AROUND LOS ANGELES
IF YOU'VE GOT THE TIME...
HOOP & HALLER
    $200 8
a St. Bernard

Pat
    $200 15
dog tags

Dave
    $200 3
the 19th century (or the 1800s)

Dave
    $200 20
Daylight Savings Time

Dave
    $200 21
Charles Barkley

Samir
    $400 9
a bonfire

Pat
    $400 1
mouth

Samir
    $400 4
(Samir: What is the 17th century?)

the 18th century

DaveSamir
    $400 16
Dopey

Triple Stumper
    $400 25
the Kings

Samir
    $600 10
an eiderdown

Dave
    $1,000 2
sore eyes

Samir
    $600 5
the 20th century

Samir
    $600 17
(Samir: What is two?)
(Dave: What is four?)

one

DaveSamir
Triple Stumper
    $600 24
the fast break

Triple Stumper
    $800 11
Under Armour

Samir
    $800 14
maudlin

Dave
    $800 6
(Samir: What is the 12th century?)
(Dave: What is the 13th century?)
(Pat: What is the 14th century?)

the 15th

DaveSamirPat
Triple Stumper
    $800 27
[The end-of-round signal sounds.]

UCLA

Pat
    $800 18
the Julian calendar

Pat
    $800 22
(Alex: With less than a minute to go.)

Steve Nash

Samir
    $1000 12
an afghan

Dave
    $1000 13
(Dave: What is bad news?)

bad publicity

Dave
Triple Stumper
    $1000 7
the 14th century

Triple Stumper
    $1000 26
the Getty Villa

Triple Stumper
    $1000 19
post time

Dave
    $1000 23
"Tiny" Archibald

Triple Stumper

Scores at the first commercial break (after clue 15):

Dave Samir Pat
$1,400 $1,600 -$200

Scores at the end of the Jeopardy! Round:

Dave Samir Pat
$2,000 $2,400 $1,400

Double Jeopardy! Round responses

SINGLE-ARTIST MUSEUMS
WORDS USING ALL 5 VOWELS
IN THE RANGE
R-RATED MOVIES
RELIGIOUS MATTERS
LITERARY CADS
    $400 18
Georgia O'Keeffe

Samir
    $400 12
an equation

Dave
    $400 1
(Dave: What is Saving Private Ryan?)

Schindler's List

DaveSamir
    $400 15
fast

Samir
    $400 6
Pride and Prejudice

Pat
    $800 25
Dali

Pat
    $800 13
Education

Samir
    $800 2
The Passion of the Christ

Samir
    $800 8
creationism

Dave
    $800 7
D'Urberville

Dave
    $1200 26
[The end-of-round signal sounds.]

Toulouse-Lautrec

Pat
    $1200 14
cauliflower

Dave
    $3,000 17
the Atlas Mountains

Dave
    $1200 3
Michael Moore

Pat
    $1200 9
the navel

Dave
    $2,600 24
David Copperfield

Dave
    $1600 19
groundbreaking

Triple Stumper
    $1600 16
(Pat: What is the Gulag?)

the Urals

DavePat
    $1600 4
Jim Brown

Dave
    $1600 10
Zen

Dave
    $1600 23
(Alex: Less than a minute now.)

Dangerous Liaisons

Dave
    $2000 20
hallucinogenic

Samir
    $2000 21
(Samir: What are the Himalayas?)

the Karakoram range

Samir
Triple Stumper
    $2000 5
The French Connection

Pat
    $2000 11
judges

Pat
    $2000 22
Becky Sharp

Triple Stumper

Scores at the end of the Double Jeopardy! Round:

Dave Samir Pat
$18,000 $5,200 $7,400
(lock game)

[wagering suggestions for these scores]

Final Jeopardy! Round responses

WORLD AFFAIRS 2018
(Alex: [To Samir] Persians mostly, not Arabs.)
...
(Pat: [Explaining her response] Because I didn't think it was legible.)
...
(Dave: I had a little scribble on the "I".)
(Alex: You and Pat ought to get together with classes in penmanship.)
SamirWhat is Iran?
$2,201
PatWhat is Russia Russia?
$301
DaveWhat is Iran Iran?
$900
Iran

Final scores:

Dave Samir Pat
$18,900 $7,401 $7,099
4-day champion: $100,102 2nd place: $2,000 3rd place: $1,000

Game dynamics:

Coryat scores:

Dave Samir Pat
$14,800 $4,800 $7,400
19 R
(including 2 DDs),
4 W
13 R
(including 1 DD),
4 W
10 R,
2 W

Combined Coryat: $27,000

[game clues] [game scores] [suggest correction]

Game tape date: 2018-10-30
The J! Archive is created by fans, for fans. Scraping, republication, monetization, and malicious use prohibited; this site may use cookies and collect identifying information. See terms. The Jeopardy! game show and all elements thereof, including but not limited to copyright and trademark thereto, are the property of Jeopardy Productions, Inc. and are protected under law. This website is not affiliated with, sponsored by, or operated by Jeopardy Productions, Inc. Join the discussion at JBoard.tv.